Killer Queen - Mad Tsai (All Lyrics) - Statistics

General Stats
  • This quiz has been taken 73 times
  • The average score is 232 of 317
Answer Stats
Killer Queen % Correct
She
96%
she
96%
a
92%
be
92%
in
92%
killer
92%
queen
92%
queen,
92%
queen.
92%
her
88%
her.
88%
her,
88%
the
88%
The
88%
to
88%
you
88%
and
84%
at
84%
dress.
84%
Every
84%
every
84%
seventeen/17,
84%
she's
84%
Bridge | Chorus 2 She's
84%
all
80%
ask
80%
beautiful
80%
blood
80%
boy
80%
careful
80%
finger,
80%
girl,
80%
girl
80%
motherfucking
80%
prom
80%
psychopath
80%
so
80%
this
80%
wanted
80%
with
80%
world.
80%
world,
80%
beauty
76%
Chrous 1 But
76%
But,
76%
can't
76%
dates
76%
devil
76%
had
76%
heart
76%
heart,
76%
most
76%
on
76%
out!
76%
'round/around
76%
Intro | Verse There
76%
those
76%
town
76%
was
76%
when
76%
wrapped
76%
behind
72%
dance.
72%
girls
72%
has
72%
oh.
72%
'til
72%
up
72%
whisper
72%
your
72%
blood-stained
68%
boys
68%
disappears
68%
disguise.
68%
eyes,
68%
hands.
68%
just
68%
light
68%
might
68%
she'll
68%
She'll
68%
talk,
68%
trace,
68%
walk
68%
without
68%
would
68%
asks
64%
breathe.
64%
broken
64%
'cause/because
64%
dead.
64%
emerald
64%
end
64%
end.
64%
halls
64%
If
64%
who
64%
by
60%
everyone
60%
fill
60%
get
60%
cross
56%
day
56%
day,
56%
feet
56%
One
56%
one
56%
one,
56%
six/6
56%
back
52%
cheerleaders
52%
comes
52%
path,
52%
piece,
52%
plan.
52%
revenge,
52%
revenge.
52%
school,
52%
under.
52%
angel
48%
crown.
48%
kerosene
48%
mess.
48%
never
48%
sold
48%
jocks
44%
lies
44%
of
44%
push
44%
shove
44%
soul
44%
tries
44%
will
44%
break
40%
hell.
40%
herself.
40%
surprise.
40%
crowned
36%
gonna
36%
know
36%
meet
36%
only,
36%
You're
36%
dancing
32%
for
32%
into
32%
name.
32%
sink
32%
skin.
32%
Tears
32%
they'd
32%
lose
28%
seeks
28%
head.
24%
No matching quizzes found
Score Distribution
Percent of People with Each Score
Percentile by Number Answered
Your Score History
You have not taken this quiz